Žebrácká opera procházka komedií s hudbou a zpěvy : klavír a zpěv/

Hlavní autor: Weill, Kurt, 1900-1950
Další autoři: Brecht, Bertolt, 1898-1956, Burian, Emil František, 1904-1959, Turnovský, Evžen, 1929-2010, Bastlová, Eva
Jazyk: Čeština
Vydáno: Praha : Státní hudební vydavatelství, 1962
Vydání: 1. vyd.
Fyzický popis: 24 s.
Hudebniny Hudebniny
Uloženo v:
LEADER 01118ncm a22002652a 4500
001 001244170
003 CZ BrMZK
005 20120830081246.0
007 qu
008 990305s1962 xr |||||||||||||||||cze d
040 |a BOA001  |b cze 
072 7 |a 782  |x Divadelní hudba. Opera, opereta, muzikál  |2 Konspekt  |9 9 
100 1 |a Weill, Kurt,  |d 1900-1950  |7 jn20000701946  |4 cmp 
245 1 0 |a Žebrácká opera  |h [hudebnina] :  |b procházka komedií s hudbou a zpěvy : klavír a zpěv/  |c Kurt Weill ; Bertolt Brecht ; verše přeložil a upravil E.F. Burian ; prův. slovo napsal Evžen Turnovský ; hud. úprava Eva Bastlová 
250 |a 1. vyd. 
260 |a Praha :  |b Státní hudební vydavatelství,  |c 1962 
300 |a 24 s. 
700 1 |a Brecht, Bertolt,  |d 1898-1956  |7 jn19990001059  |4 lbt 
700 1 |a Burian, Emil František,  |d 1904-1959  |7 jk01020348  |4 trl  |4 adp 
700 1 |a Turnovský, Evžen,  |d 1929-2010  |7 jk01140467  |4 wfw 
700 1 |a Bastlová, Eva  |4 arr 
910 |a BOA001  |b Mus4-0468.994 
990 |a MU 
991 |b 201208 
996 6 |b 2619511153  |c Mus4-0468.994  |l MZK  |r Sklad / do 1 hodiny  |n 1  |w 001278151  |u 000010  |a 1  |e BOA001  |j MZK50  |s P